000 00764cam a22002771 4500
001 75007
003 BD-RjUL
005 20211209082631.0
008 791217s1964 enk 000 0 eng
035 _a(BD-RjUL)75225
040 _aDLC
_cNFredU
_dUk
_dDLC
_beng
041 _aeng
042 _apremarc
082 _223
_a546
_bDUG 1964
100 1 _aDurrant, Philip John.
_9228308
245 0 0 _aGeneral and inorganic chemistry
_c[by] P.J. Durrant.
250 _a[3d ed.
260 _aLondon]
_bLongmans
_c[1964]
300 _axiv, 788 p.
_billus.
_c23 cm.
650 0 _aChemistry.
_vInorganic
_9228309
906 _a7
_bcbc
_coclcrpl
_du
_encip
_f19
_gy-gencatlg
942 _2ddc
_cBK
999 _c75007
_d75007